| 000 | 00807nam a2200205 a 4500 | ||
|---|---|---|---|
| 001 | 000023842 | ||
| 005 | 20200930022516.0 | ||
| 008 | 110114s1983 dr ac 000 0 spa d | ||
| 040 |
_aDO-SdBNP _bspa _cBNPHU |
||
| 082 |
_a291.61 _bC183m |
||
| 100 | 1 |
_aCamilo González, Antonio _d1938- _98309 |
|
| 245 | 1 | 3 |
_aEl marco histórico de la pastoral dominicana : _ben los 300 años de la paroquia de Bani / _cAntonio Camilo González ; prólogo Lucas Lafleur. |
| 260 |
_aSanto Domingo : _bAmigo del Hogar, _c1983. |
||
| 300 |
_a311 p. : _bil., retr. ; _c29 cm. |
||
| 504 | _aBibliografía : p. 309-311 | ||
| 590 | _aInventariado, 2018/VM | ||
| 650 | 4 |
_aTeología pastoral _zRepública Dominicana _xHistoria _y1500-1961 _949056 |
|
| 700 | 1 | 2 |
_aLafleur, Lucas, _epról. _949057 |
| 910 | _aValidado. Control de calidad MFF | ||
| 999 |
_c23338 _d23338 |
||